[Event "XXXVII. ODPRTO PRVENSTVO KOMENDE 2023"]
[Site "Komenda"]
[Date "2023.09.01"]
[Round "1.1"]
[White "Perme, Lojze"]
[Black "Zlindra, Aljaz"]
[Result "0-1"]
[WhiteElo "1094"]
[BlackElo "1367"]
[PlyCount "54"]
[EventDate "2023.09.01"]

1. e4 c6 2. d4 d5 3. exd5 cxd5 4. Nf3 Nc6 5. Bf4 g6 6. Nc3 a6 7. g3 Bg7 8. Bg2
Nf6 9. O-O Bg4 10. Re1 O-O 11. Qd2 Bxf3 12. Bxf3 b5 13. a3 e6 14. Bg5 Qb6 15.
Rad1 Rfc8 16. b4 Ne8 17. a4 bxa4 18. Nxa4 Qxb4 19. Qxb4 Nxb4 20. Nb6 Nxc2 21.
Nxc8 Nxe1 22. Ne7+ Kf8 23. Rxe1 h6 24. Bxh6 Bxh6 25. Nc6 Rc8 26. Nb4 Bd2 27.
Rb1 Rb8 0-1

[Event "XXXVII. ODPRTO PRVENSTVO KOMENDE 2023"]
[Site "Komenda"]
[Date "2023.09.01"]
[Round "1.2"]
[White "Zagar, Katarina"]
[Black "Gorse Pihler, Miha"]
[Result "0-1"]
[WhiteElo "1149"]
[BlackElo "1000"]
[PlyCount "106"]
[EventDate "2023.09.01"]

1. d4 d5 2. c4 c6 3. e3 Nf6 4. Nc3 e6 5. Nf3 Nbd7 6. Qc2 Bd6 7. b3 O-O 8. Be2
b6 9. O-O Bb7 10. Bb2 Rc8 11. Rac1 c5 12. cxd5 cxd4 13. Nxd4 Nxd5 14. Qd2 N7f6
15. Nxd5 Nxd5 16. Rxc8 Qxc8 17. Rc1 Qd7 18. Bf3 Rc8 19. Rxc8+ Qxc8 20. Qc2 Qb8
21. h3 Nb4 22. Qb1 Bxf3 23. Nxf3 Qc7 24. a3 Nd5 25. b4 h6 26. Qc1 Qxc1+ 27.
Bxc1 a5 28. bxa5 bxa5 29. a4 Nc3 30. Bd2 Nxa4 31. Bxa5 g6 32. Kf1 Nb2 33. Ke2
f5 34. Bc3 Na4 35. Ba1 Nc5 36. Ne5 Bxe5 37. Bxe5 Kf7 38. h4 g5 39. hxg5 hxg5
40. Kf3 g4+ 41. Kg3 Kg6 42. Kh4 Nd3 43. Bg3 Ne1 44. Be5 Nxg2+ 45. Kg3 Ne1 46.
Bc3 Nf3 47. Kf4 Kh5 48. Bf6 Kg6 49. Bc3 Ng5 50. Be5 Ne4 51. f3 g3 52. fxe4 g2
53. exf5+ exf5 0-1

[Event "XXXVII. ODPRTO PRVENSTVO KOMENDE 2023"]
[Site "Komenda"]
[Date "2023.09.01"]
[Round "1.3"]
[White "Groselj, Mirjam"]
[Black "Usaj, Benjamin"]
[Result "1/2-1/2"]
[WhiteElo "1000"]
[BlackElo "1096"]
[PlyCount "145"]
[EventDate "2023.09.01"]

1. e4 e5 2. Nf3 Nc6 3. Bc4 Nf6 4. d3 Bc5 5. Bg5 h6 6. Bh4 d6 7. h3 Be6 8. Bb3
Qd7 9. Nc3 O-O-O 10. Bxe6 Qxe6 11. Qd2 g5 12. Bg3 Nh5 13. O-O-O Nxg3 14. fxg3
Bb4 15. a3 Ba5 16. Rhf1 d5 17. Rde1 d4 18. h4 dxc3 19. bxc3 Qa2 20. Kd1 Qa1+
21. Qc1 Qxc1+ 22. Kxc1 Bxc3 23. Rd1 g4 24. Nh2 h5 25. Rxf7 Rdf8 26. Rdf1 Rxf7
27. Rxf7 Kd8 28. Nf1 Ba5 29. Ne3 Ke8 30. Rg7 Nd4 31. Kd1 b5 32. c4 a6 33. Nd5
Ne6 34. Re7+ Kd8 35. Rxe6 bxc4 36. dxc4 Re8 37. Rxa6 Bb6 38. Nxb6 cxb6 39. Rxb6
Kc7 40. Rb1 Rd8+ 41. Kc2 Rd4 42. Kb3 Rxe4 43. Rc1 Re3+ 44. Rc3 Re2 45. c5 Kc6
46. a4 e4 47. Kb4 Re1 48. a5 e3 49. a6 e2 50. a7 Ra1 51. Re3 Rb1+ 52. Kc4 Rc1+
53. Kb3 Ra1 54. Kc4 Rxa7 55. Rxe2 Ra4+ 56. Kd3 Ra3+ 57. Kc4 Rxg3 58. Re6+ Kd7
59. Rd6+ Kc7 60. Kd5 Rd3+ 61. Kc4 Rxd6 62. cxd6+ Kxd6 63. g3 Ke5 64. Kd3 Kf5
65. Ke3 Ke5 66. Kf2 Ke4 67. Ke2 Kd4 68. Kd2 Ke5 69. Ke3 Kf5 70. Kf2 Ke4 71. Ke2
Ke5 72. Ke3 Kf5 73. Kf2 1/2-1/2

[Event "XXXVII. ODPRTO PRVENSTVO KOMENDE 2023"]
[Site "Komenda"]
[Date "2023.09.01"]
[Round "1.4"]
[White "Starcic, Jernej"]
[Black "Krstic, David"]
[Result "0-1"]
[WhiteElo "1504"]
[BlackElo "1000"]
[PlyCount "109"]
[EventDate "2023.09.01"]

1. d4 Nf6 2. c4 g6 3. Nc3 Bg7 4. e4 d6 5. Be3 O-O 6. f3 e5 7. d5 Na6 8. Bd3 Nh5
9. Nge2 b6 10. Qd2 Nc5 11. O-O-O Nxd3+ 12. Qxd3 f5 13. Kb1 f4 14. Bf2 Bd7 15.
g4 Nf6 16. Rdg1 Rb8 17. a4 Qe8 18. Nb5 Rb7 19. Qd1 a6 20. Nbc3 Qe7 21. h4 b5
22. cxb5 axb5 23. axb5 Bxb5 24. Nxb5 Rxb5 25. Nc3 Rb7 26. Qc2 Rfb8 27. h5 g5
28. Na4 Qd7 29. Be1 Ra8 30. Nc3 c6 31. h6 Bh8 32. Bh4 gxh4 33. g5 Ne8 34. g6
Bf6 35. gxh7+ Kxh7 36. dxc6 Qxc6 37. Qg2 Qc4 38. Qg6+ Kh8 39. Rh2 Qf7 40. Qg4
Nc7 41. Qf5 Qe6 42. Qg6 Rg8 43. Qxg8+ Qxg8 44. Rxg8+ Kxg8 45. Kc2 Kh7 46. Kd3
Kxh6 47. Kc4 Kg6 48. Nd5 Nxd5 49. Kxd5 Rb3 50. Ke6 Rxf3 51. Kxd6 Rb3 52. Kd5
Kg5 53. Kc4 Re3 54. Kd5 Rd3+ 55. Kc5 0-1

[Event "XXXVII. ODPRTO PRVENSTVO KOMENDE 2023"]
[Site "Komenda"]
[Date "2023.09.01"]
[Round "1.5"]
[White "Petek, Val"]
[Black "Starcic, Martin"]
[Result "1-0"]
[WhiteElo "1000"]
[BlackElo "1490"]
[PlyCount "101"]
[EventDate "2023.09.01"]

1. d4 Nf6 2. c4 g6 3. Nc3 d5 4. cxd5 Nxd5 5. e4 Nxc3 6. bxc3 Bg7 7. Nf3 c5 8.
Bb5+ Bd7 9. Qa4 a6 10. Bxd7+ Qxd7 11. Qxd7+ Nxd7 12. O-O O-O 13. Rb1 b5 14. e5
Rfd8 15. Bg5 f6 16. exf6 exf6 17. Be3 cxd4 18. Nxd4 Rac8 19. Ne6 Re8 20. Nxg7
Kxg7 21. Bd4 Re2 22. Rfe1 Rce8 23. Kf1 R2e6 24. Rxe6 Rxe6 25. Re1 Kf7 26. f4 f5
27. Rxe6 Kxe6 28. Ke2 Kd5 29. Kd3 Nb8 30. a3 Nc6 31. Bb6 Ne7 32. Bd8 Nc8 33.
Bc7 Ne7 34. Bd8 Ng8 35. h3 Nh6 36. Bc7 Nf7 37. g4 Nh6 38. g5 Nf7 39. h4 h6 40.
h5 hxg5 41. hxg6 Nh6 42. fxg5 Ng8 43. Ke3 Ne7 44. g7 Ke6 45. Bd8 Ng8 46. Kf4
Kd7 47. Kxf5 Kxd8 48. Kg6 Ke8 49. Kh7 Kf7 50. g6+ Kf6 51. Kxg8 1-0

[Event "XXXVII. ODPRTO PRVENSTVO KOMENDE 2023"]
[Site "Komenda"]
[Date "2023.09.02"]
[Round "2.1"]
[White "Zlindra, Aljaz"]
[Black "Petek, Val"]
[Result "1-0"]
[WhiteElo "1367"]
[BlackElo "1000"]
[PlyCount "77"]
[EventDate "2023.09.02"]

1. e4 c6 2. d4 d5 3. f3 dxe4 4. fxe4 e5 5. Nf3 Bg4 6. Bc4 exd4 7. Bxf7+ Kxf7 8.
Ne5+ Ke8 9. Qxg4 Nf6 10. Qe6+ Qe7 11. Qc8+ Qd8 12. Qxd8+ Kxd8 13. Nf7+ Ke8 14.
Nxh8 Nxe4 15. O-O Nf6 16. Re1+ Be7 17. Bg5 Nbd7 18. Nd2 Kf8 19. Ne4 Re8 20.
Nxf6 Nxf6 21. Bxf6 gxf6 22. Re6 d3 23. Kf1 d2 24. Rd1 Rd8 25. Ke2 Bc5 26. Rxd2
Rxd2+ 27. Kxd2 Bd4 28. c3 Be5 29. Rxe5 fxe5 30. Ke3 Kg7 31. Ke4 Kxh8 32. Kxe5
Kg7 33. Kd6 Kf6 34. Kc7 Ke5 35. Kxb7 c5 36. Kxa7 Kd5 37. Kb6 Kc4 38. a4 Kb3 39.
a5 1-0

[Event "XXXVII. ODPRTO PRVENSTVO KOMENDE 2023"]
[Site "Komenda"]
[Date "2023.09.02"]
[Round "2.2"]
[White "Gorse Pihler, Miha"]
[Black "Krstic, David"]
[Result "0-1"]
[WhiteElo "1000"]
[BlackElo "1000"]
[PlyCount "120"]
[EventDate "2023.09.02"]

1. c4 Nf6 2. g3 c5 3. Bg2 g6 4. Nf3 Nc6 5. Nc3 Bg7 6. d4 cxd4 7. Nxd4 O-O 8.
O-O Qc7 9. b3 a6 10. Bb2 Nxd4 11. Qxd4 Nh5 12. Qd2 Nf6 13. Rad1 Rb8 14. Rc1 d6
15. Nd5 Nxd5 16. Bxd5 b6 17. Bg2 Bb7 18. Bxb7 Qxb7 19. Bxg7 Kxg7 20. Rc2 Rfd8
21. Qd5 b5 22. Rfc1 Rdc8 23. f3 Rc5 24. Qxb7 Rxb7 25. cxb5 Rbxb5 26. Rxc5 Rxc5
27. Rxc5 dxc5 28. Kf2 Kf6 29. e4 Ke5 30. Ke3 f5 31. f4+ Ke6 32. exf5+ gxf5 33.
h3 h5 34. h4 Kd6 35. Kd2 e6 36. Kc3 e5 37. fxe5+ Kxe5 38. Kd3 f4 39. gxf4+ Kxf4
40. Kc4 Kg4 41. Kxc5 Kxh4 42. Kb6 Kg3 43. b4 h4 44. Kxa6 h3 45. b5 h2 46. b6
h1=Q 47. b7 Qc6+ 48. Ka7 Qa4+ 49. Kb6 Qb4+ 50. Ka6 Kf4 51. Ka7 Qa5+ 52. Kb8 Qb6
53. Kc8 Qc6+ 54. Kb8 Kf5 55. a4 Qxa4 56. Kc7 Qc4+ 57. Kd8 Qd5+ 58. Kc8 Qc6+ 59.
Kb8 Ke6 60. Ka7 Qc7 0-1

[Event "XXXVII. ODPRTO PRVENSTVO KOMENDE 2023"]
[Site "Komenda"]
[Date "2023.09.02"]
[Round "2.3"]
[White "Usaj, Benjamin"]
[Black "Zagar, Katarina"]
[Result "0-1"]
[WhiteElo "1096"]
[BlackElo "1149"]
[PlyCount "110"]
[EventDate "2023.09.02"]

1. e4 e5 2. Nf3 Nc6 3. Bb5 a6 4. Bxc6 dxc6 5. Nxe5 Qd4 6. Nf3 Qxe4+ 7. Qe2
Qxe2+ 8. Kxe2 Nf6 9. d4 c5 10. Re1 h6 11. Kf1+ Be6 12. Nc3 O-O-O 13. Be3 Nd5
14. Nxd5 cxd4 15. Nxd4 Bxd5 16. b3 Bc5 17. Rad1 b6 18. c4 Ba8 19. Nc2 Bxe3 20.
Nxe3 Rxd1 21. Rxd1 g6 22. g3 Bf3 23. Rd4 Rd8 24. Rxd8+ Kxd8 25. Ke1 Kd7 26. Kd2
Kd6 27. Kd3 Ke5 28. h4 h5 29. Kc3 a5 30. b4 axb4+ 31. Kxb4 c6 32. c5 b5 33. Ka5
Kd4 34. Kb6 Kc3 35. Ka5 Kd2 36. Nf1+ Ke2 37. Nh2 Bd5 38. g4 Bxa2 39. f4 f5 40.
gxh5 gxh5 41. Kb6 Bd5 42. Ka5 Kf2 43. Nf3 Kxf3 44. Kb4 Kxf4 45. Kc3 Kg4 46. Kd3
Kxh4 47. Ke3 b4 48. Kf4 b3 49. Kxf5 b2 50. Kg6 b1=Q+ 51. Kh6 Qg1 52. Kh7 Kg5
53. Kg7 Qf1 54. Kh8 Qf8+ 55. Kh7 Be4# 0-1

[Event "XXXVII. ODPRTO PRVENSTVO KOMENDE 2023"]
[Site "Komenda"]
[Date "2023.09.02"]
[Round "2.4"]
[White "Starcic, Martin"]
[Black "Groselj, Mirjam"]
[Result "1-0"]
[WhiteElo "1490"]
[BlackElo "1000"]
[PlyCount "103"]
[EventDate "2023.09.02"]

1. d4 d5 2. c4 dxc4 3. e3 Bf5 4. Bxc4 Nf6 5. Nf3 e6 6. Nc3 Bd6 7. Nh4 Be4 8.
Nxe4 Nxe4 9. Nf3 O-O 10. Qc2 Bb4+ 11. Bd2 Bxd2+ 12. Nxd2 Nd6 13. Bd3 f5 14. Qb3
Re8 15. Nc4 Ne4 16. Bxe4 fxe4 17. Qxb7 Nd7 18. Qxe4 c5 19. d5 Nf6 20. Qf3 Nxd5
21. O-O Rf8 22. Qe4 Qe7 23. Rad1 Nf6 24. Qc2 Qc7 25. h3 Qc6 26. Rc1 Ne4 27. Na5
Qd5 28. Rfd1 Qf5 29. f3 Ng3 30. Kf2 Qg5 31. Qc4 Nf5 32. Qxe6+ Kh8 33. Rxc5 Qg3+
34. Kf1 Rae8 35. Qxf5 Rxf5 36. Rxf5 h6 37. e4 Rc8 38. Rfd5 Rc2 39. R5d2 Rxd2
40. Rxd2 Qc7 41. Nb3 Qc4+ 42. Kf2 Qa6 43. Nd4 Qxa2 44. e5 Qf7 45. e6 Qe7 46.
Kf1 Qd6 47. Ke1 Qg3+ 48. Kd1 Qd6 49. Ke2 Qe5+ 50. Kd3 Kg8 51. Re2 Qd6 52. e7
1-0

[Event "XXXVII. ODPRTO PRVENSTVO KOMENDE 2023"]
[Site "Komenda"]
[Date "2023.09.02"]
[Round "2.5"]
[White "Perme, Lojze"]
[Black "Starcic, Jernej"]
[Result "0-1"]
[WhiteElo "1094"]
[BlackElo "1504"]
[PlyCount "50"]
[EventDate "2023.09.02"]

1. e4 c5 2. Nf3 Nc6 3. d4 cxd4 4. Nxd4 Nf6 5. Nc3 e5 6. Nb3 Bb4 7. Bd2 Bxc3 8.
Bxc3 Nxe4 9. Qf3 Nxc3 10. Qxc3 O-O 11. O-O-O d5 12. Qg3 Be6 13. h4 Rc8 14. h5
Bf5 15. h6 g6 16. Bc4 Qe7 17. a3 dxc4 18. Na1 c3 19. bxc3 Qxa3+ 20. Kb1 Qe7 21.
Rde1 Rfe8 22. f4 e4 23. Rh5 Qf6 24. Rhh1 Ne5 25. Qe3 Nc4 0-1

[Event "XXXVII. ODPRTO PRVENSTVO KOMENDE 2023"]
[Site "Komenda"]
[Date "2023.09.02"]
[Round "3.1"]
[White "Krstic, David"]
[Black "Zlindra, Aljaz"]
[Result "1/2-1/2"]
[WhiteElo "1000"]
[BlackElo "1367"]
[PlyCount "92"]
[EventDate "2023.09.02"]

1. d4 Nf6 2. c4 e6 3. Nf3 Bb4+ 4. Bd2 a5 5. e3 b6 6. a3 Bxd2+ 7. Nbxd2 Bb7 8.
Bd3 d6 9. O-O Nbd7 10. Qc2 O-O 11. Rad1 Qe7 12. Rfe1 a4 13. h3 e5 14. Ng5 h6
15. Nge4 Nxe4 16. Nxe4 Nf6 17. Nxf6+ Qxf6 18. Be4 Bxe4 19. Qxe4 Ra5 20. Qf3
Qxf3 21. gxf3 Re8 22. Rd2 exd4 23. Rxd4 Re6 24. Kf1 Rh5 25. h4 Ree5 26. Ke2
Rhf5 27. Red1 f6 28. f4 Rc5 29. Kf3 Kf7 30. Rd5 Rfxd5 31. cxd5 Rc2 32. Rb1 f5
33. b3 axb3 34. Rxb3 Rc5 35. Rd3 Kf6 36. Ke2 Rc2+ 37. Rd2 Rc3 38. a4 Rc4 39.
Rd4 Rxd4 40. exd4 g5 41. hxg5+ hxg5 42. Kf3 gxf4 43. Kxf4 Kg6 44. Kg3 Kg5 45.
f4+ Kh5 46. Kh3 Kg6 1/2-1/2

[Event "XXXVII. ODPRTO PRVENSTVO KOMENDE 2023"]
[Site "Komenda"]
[Date "2023.09.02"]
[Round "3.2"]
[White "Zagar, Katarina"]
[Black "Petek, Val"]
[Result "1/2-1/2"]
[WhiteElo "1149"]
[BlackElo "1000"]
[PlyCount "102"]
[EventDate "2023.09.02"]

1. d4 d5 2. c4 e6 3. Nf3 Nf6 4. Nc3 Be7 5. Bf4 c6 6. h3 O-O 7. e3 Nbd7 8. Be2
dxc4 9. Bxc4 c5 10. dxc5 Nxc5 11. O-O b6 12. Qxd8 Rxd8 13. Rfd1 Bb7 14. Nd2 Nd3
15. Bxd3 Rxd3 16. Nc4 Rad8 17. Rxd3 Rxd3 18. Rd1 Rxd1+ 19. Nxd1 Nd5 20. Bh2 Ba6
21. Nd6 Be2 22. Nc3 Nxc3 23. bxc3 Bxd6 24. Bxd6 f6 25. Kh2 Kf7 26. f4 f5 27.
Kg3 h6 28. Kh4 g6 29. g4 a6 30. a4 Bd1 31. Bc7 Bxa4 32. Bxb6 Bb5 33. Kg3 Ke8
34. gxf5 exf5 35. Kf3 Kd7 36. e4 Bc6 37. Ke3 Bxe4 38. Kd4 g5 39. fxg5 hxg5 40.
Ke5 Kc6 41. Be3 Kb5 42. Bxg5 a5 43. Bd8 a4 44. Be7 Kc4 45. h4 Kxc3 46. h5 Bc2
47. h6 f4 48. Kxf4 Kb3 49. Ke3 a3 50. Bxa3 Kxa3 51. h7 Bxh7 1/2-1/2

[Event "XXXVII. ODPRTO PRVENSTVO KOMENDE 2023"]
[Site "Komenda"]
[Date "2023.09.02"]
[Round "3.3"]
[White "Starcic, Jernej"]
[Black "Gorse Pihler, Miha"]
[Result "0-1"]
[WhiteElo "1504"]
[BlackElo "1000"]
[PlyCount "142"]
[EventDate "2023.09.02"]

1. d4 d5 2. c4 c6 3. Nc3 Nf6 4. e3 e6 5. Nf3 Nbd7 6. Bd3 dxc4 7. Bxc4 b5 8. Bd3
Bb7 9. O-O a6 10. Bd2 c5 11. a3 Rc8 12. Rc1 Bd6 13. Ng5 cxd4 14. exd4 h6 15.
Nge4 Bb8 16. Be3 O-O 17. Ng3 Nb6 18. Nce4 Nxe4 19. Bxe4 Bxe4 20. Nxe4 Bxh2+ 21.
Kxh2 Qh4+ 22. Kg1 Qxe4 23. Re1 Qb7 24. Qg4 Kh7 25. Qe2 Nc4 26. Qd3+ Kh8 27. Qb3
Nxe3 28. fxe3 Rc7 29. Rxc7 Qxc7 30. Qd3 Qc6 31. Rd1 Rc8 32. Rd2 Qc4 33. Qxc4
Rxc4 34. Kf2 g5 35. Kf3 Kg7 36. Ke4 f6 37. Rf2 b4 38. Kd3 Rc1 39. axb4 h5 40.
e4 Kg6 41. d5 Kf7 42. Kd2 Rc4 43. Kd3 exd5 44. exd5 Rxb4 45. Re2 a5 46. Kc3 h4
47. d6 Rb6 48. Rd2 Rc6+ 49. Kb3 Ke8 50. d7+ Kd8 51. Ka4 Ra6 52. Kb5 Ra7 53. Kb6
Rxd7 54. Rf2 Ke7 55. Kxa5 Ra7+ 56. Kb4 Ke6 57. Kc5 Ra5+ 58. Kc6 Ra2 59. Kb5 f5
60. Kc5 g4 61. Kd4 Kf6 62. Kd5 h3 63. g3 Ra1 64. b4 Rg1 65. Rb2 Rg2 66. Rb1 h2
67. Rh1 f4 68. b5 fxg3 69. Rf1+ Rf2 70. Rb1 g2 71. b6 h1=Q 0-1

[Event "XXXVII. ODPRTO PRVENSTVO KOMENDE 2023"]
[Site "Komenda"]
[Date "2023.09.02"]
[Round "3.5"]
[White "Gorse, David"]
[Black "Groselj, Mirjam"]
[Result "1-0"]
[WhiteElo "1508"]
[BlackElo "1000"]
[PlyCount "67"]
[EventDate "2023.09.02"]

1. d4 d5 2. c4 dxc4 3. e4 Nf6 4. e5 Nd5 5. Bxc4 Nc6 6. Nf3 Bg4 7. Nc3 e6 8. Qa4
Be7 9. Qb5 Rb8 10. Nxd5 exd5 11. Bxd5 O-O 12. Bxc6 bxc6 13. Qxc6 Bb4+ 14. Kf1
Bxf3 15. Qxf3 Qxd4 16. Qe3 Qc4+ 17. Qe2 Qd5 18. Bf4 Rbd8 19. h3 Bc5 20. Kg1
Rfe8 21. Kh2 Bd4 22. Rhd1 f6 23. Be3 Qxe5+ 24. Kh1 Bc5 25. Qc4+ Kh8 26. Qxc5
Rxd1+ 27. Rxd1 Qxb2 28. Qxa7 Rc8 29. a4 Qb3 30. Rc1 Qb8 31. Qxb8 Rxb8 32. Rxc7
Rb1+ 33. Rc1 Rb4 34. Rc8# 1-0

[Event "XXXVII. ODPRTO PRVENSTVO KOMENDE 2023"]
[Site "Komenda"]
[Date "2023.09.03"]
[Round "4.1"]
[White "Zlindra, Aljaz"]
[Black "Gorse, David"]
[Result "1-0"]
[WhiteElo "1367"]
[BlackElo "1508"]
[PlyCount "37"]
[EventDate "2023.09.03"]

1. e4 c6 2. d4 d5 3. f3 dxe4 4. fxe4 e5 5. Nf3 exd4 6. Bc4 b5 7. Bb3 Nf6 8. O-O
Bc5 9. Ng5 O-O 10. Bxf7+ Rxf7 11. Nxf7 Kxf7 12. Qh5+ Kg8 13. Qxc5 Nxe4 14. Qe5
Nd6 15. Qxd4 Qe7 16. Bg5 Qd7 17. Nd2 Na6 18. Rae1 Bb7 19. Re7 1-0

[Event "XXXVII. ODPRTO PRVENSTVO KOMENDE 2023"]
[Site "Komenda"]
[Date "2023.09.03"]
[Round "4.2"]
[White "Krstic, David"]
[Black "Starcic, Martin"]
[Result "1/2-1/2"]
[WhiteElo "1000"]
[BlackElo "1490"]
[PlyCount "100"]
[EventDate "2023.09.03"]

1. d4 Nf6 2. Bf4 g6 3. Nf3 Bg7 4. e3 d5 5. Nbd2 Nc6 6. c3 Bf5 7. Nh4 Bd7 8. Bd3
a6 9. O-O O-O 10. Nhf3 Nh5 11. Bg3 Nxg3 12. hxg3 e5 13. dxe5 Nxe5 14. Nxe5 Bxe5
15. Nf3 Bg4 16. Be2 Bxf3 17. Bxf3 c6 18. Qb3 Qc7 19. Rad1 Rad8 20. Rd2 Rd6 21.
Rfd1 Rfd8 22. Qc2 Qa5 23. b4 Qc7 24. Qb3 Qe7 25. a4 Qf6 26. Rd3 Qe7 27. Qa3 Qc7
28. Qb3 Kg7 29. b5 Qb6 30. c4 dxc4 31. Qxc4 cxb5 32. axb5 axb5 33. Rxd6 Rxd6
34. Rxd6 Qxd6 35. Qxb5 b6 36. Bd5 Qc7 37. Bc6 Bd6 38. Bd5 Bc5 39. Qc6 Qxc6 40.
Bxc6 Kf6 41. Kf1 Ke7 42. Ke2 Kd6 43. Be8 Ke7 44. Bb5 Bb4 45. f3 Kd6 46. Kd3 Bc5
47. e4 f6 48. f4 Bf2 49. g4 g5 50. fxg5 fxg5 1/2-1/2

[Event "XXXVII. ODPRTO PRVENSTVO KOMENDE 2023"]
[Site "Komenda"]
[Date "2023.09.03"]
[Round "4.3"]
[White "Petek, Val"]
[Black "Gorse Pihler, Miha"]
[Result "1-0"]
[WhiteElo "1000"]
[BlackElo "1000"]
[PlyCount "105"]
[EventDate "2023.09.03"]

1. d4 d5 2. c4 c6 3. cxd5 cxd5 4. Bf4 Bf5 5. Nc3 Nc6 6. Nf3 Nf6 7. e3 e6 8. Bd3
Bxd3 9. Qxd3 Bd6 10. Bxd6 Qxd6 11. O-O O-O 12. a3 a6 13. Rac1 b5 14. b4 Rfd8
15. Rc2 Ra7 16. Na2 Rc7 17. Nc1 Rdc8 18. Nb3 Nb8 19. Rxc7 Rxc7 20. Nc5 Nbd7 21.
Nd2 Nxc5 22. dxc5 Qe7 23. e4 dxe4 24. Nxe4 Nxe4 25. Qxe4 Qd7 26. Qf3 Qc6 27.
Rd1 Kf8 28. Qxc6 Rxc6 29. f4 Ke7 30. Kf2 a5 31. Ke3 Rc7 32. Ke4 Rc6 33. g4 h6
34. h4 g6 35. g5 h5 36. Ke5 axb4 37. axb4 Ra6 38. Rc1 Ra2 39. c6 Re2+ 40. Kd4
Kd8 41. Kc5 Kc7 42. Rd1 Rc2+ 43. Kxb5 Rxc6 44. Rd4 Rb6+ 45. Ka5 Rc6 46. b5 Rc1
47. Kb4 Rh1 48. Kc5 Rxh4 49. b6+ Kb7 50. Rd7+ Kb8 51. Kc6 Kc8 52. b7+ Kb8 53.
Rd8+ 1-0

[Event "XXXVII. ODPRTO PRVENSTVO KOMENDE 2023"]
[Site "Komenda"]
[Date "2023.09.03"]
[Round "4.4"]
[White "Zagar, Katarina"]
[Black "Perme, Lojze"]
[Result "1-0"]
[WhiteElo "1149"]
[BlackElo "1094"]
[PlyCount "37"]
[EventDate "2023.09.03"]

1. d4 d5 2. c4 dxc4 3. e3 Bf5 4. Bxc4 Nf6 5. Qb3 e6 6. Nc3 b6 7. Nf3 Bd6 8. h3
O-O 9. O-O Qd7 10. Re1 c5 11. dxc5 bxc5 12. e4 Bg6 13. e5 Bxe5 14. Nxe5 Qc7 15.
Nxg6 fxg6 16. Rxe6 Kh8 17. Nd5 Qd7 18. Nxf6 gxf6 19. Bd5 1-0

[Event "XXXVII. ODPRTO PRVENSTVO KOMENDE 2023"]
[Site "Komenda"]
[Date "2023.09.03"]
[Round "4.5"]
[White "Usaj, Benjamin"]
[Black "Starcic, Jernej"]
[Result "0-1"]
[WhiteElo "1096"]
[BlackElo "1504"]
[PlyCount "146"]
[EventDate "2023.09.03"]

1. e4 c5 2. Nf3 Nc6 3. e5 g6 4. Bc4 Bg7 5. Qe2 e6 6. O-O Nge7 7. Nc3 O-O 8. d3
Nf5 9. Bg5 Qb6 10. b3 Ncd4 11. Nxd4 Nxd4 12. Qd2 Bxe5 13. Na4 Qc7 14. c3 Nf5
15. f4 Bg7 16. Qf2 d5 17. g4 h6 18. gxf5 hxg5 19. fxg5 dxc4 20. f6 Qe5 21. fxg7
Qxg5+ 22. Qg2 Qxg2+ 23. Kxg2 Kxg7 24. bxc4 b6 25. h4 Bb7+ 26. Kh2 Rad8 27. Rad1
Rd7 28. d4 Rfd8 29. Rf4 e5 30. Rf2 exd4 31. cxd4 Rxd4 32. Rxd4 Rxd4 33. Nb2
Rxh4+ 34. Kg3 Rd4 35. a4 f5 36. Re2 Kf7 37. Kh3 Bc8 38. Kg3 Be6 39. Rh2 Kg7 40.
Re2 Kf6 41. Rh2 Bf7 42. Rc2 g5 43. Kf3 g4+ 44. Kg3 Kg5 45. Kf2 f4 46. Kg2 g3
47. Kf3 Bh5+ 48. Kg2 Kg4 49. Kg1 f3 50. Kf1 Kf4 51. Ke1 f2+ 52. Kf1 Ke3 53.
Rc3+ Kd2 54. Rxg3 Kc2 55. Re3 Kxb2 56. Kg2 Rf4 57. Kf1 Bf7 58. Re2+ Kc3 59.
Rxf2 Bxc4+ 60. Kg2 Rxf2+ 61. Kxf2 Kb4 62. Ke1 Kxa4 63. Kd2 b5 64. Kc3 b4+ 65.
Kxc4 Ka3 66. Kxc5 b3 67. Kb5 b2 68. Ka6 b1=Q 69. Kxa7 Qb5 70. Ka8 Kb4 71. Ka7
Kc5 72. Ka8 Kc6 73. Ka7 Qb7# 0-1

[Event "XXXVII. ODPRTO PRVENSTVO KOMENDE 2023"]
[Site "Komenda"]
[Date "2023.09.03"]
[Round "5.1"]
[White "Zlindra, Aljaz"]
[Black "Zagar, Katarina"]
[Result "1-0"]
[WhiteElo "1367"]
[BlackElo "1149"]
[PlyCount "79"]
[EventDate "2023.09.03"]

1. e4 e5 2. Nc3 Nf6 3. f4 d5 4. fxe5 Nxe4 5. Qf3 Nxc3 6. bxc3 Qh4+ 7. g3 Qe4+
8. Qxe4 dxe4 9. d4 exd3 10. cxd3 Nc6 11. d4 Bd7 12. Bg2 O-O-O 13. Nf3 h6 14.
O-O Be6 15. Be3 Be7 16. Nd2 Na5 17. a4 Nc4 18. Nxc4 Bxc4 19. Rfb1 Bd5 20. Bxd5
Rxd5 21. Rf1 f6 22. c4 Rdd8 23. e6 c6 24. Rfd1 a6 25. d5 c5 26. Rab1 Bd6 27.
Rb6 Kc7 28. Rdb1 Rb8 29. Bf4 Bxf4 30. gxf4 Rhe8 31. a5 Kc8 32. Kf2 f5 33. Rd6
Re7 34. h4 h5 35. Rdb6 Re8 36. Rg1 Rg8 37. Rg6 Kd8 38. Rb1 Ke7 39. Rbg1 Kf8 40.
R1g5 1-0

[Event "XXXVII. ODPRTO PRVENSTVO KOMENDE 2023"]
[Site "Komenda"]
[Date "2023.09.03"]
[Round "5.2"]
[White "Petek, Val"]
[Black "Krstic, David"]
[Result "0-1"]
[WhiteElo "1000"]
[BlackElo "1000"]
[PlyCount "50"]
[EventDate "2023.09.03"]

1. d4 Nf6 2. c4 g6 3. Nc3 Bg7 4. e4 d6 5. Nf3 O-O 6. Be2 e5 7. O-O Nc6 8. d5
Ne7 9. b4 a5 10. Qb3 Nh5 11. Bg5 h6 12. Bxe7 Qxe7 13. g3 f5 14. Nd2 f4 15. Bxh5
gxh5 16. Ne2 axb4 17. Nf3 Ra3 18. Qxb4 Rxf3 19. Kg2 fxg3 20. fxg3 Rxf1 21. Rxf1
Bh3+ 22. Kxh3 Rxf1 23. Qxb7 Rf2 24. Nc3 Qd7+ 25. Kh4 Qg4# 0-1

[Event "XXXVII. ODPRTO PRVENSTVO KOMENDE 2023"]
[Site "Komenda"]
[Date "2023.09.03"]
[Round "5.3"]
[White "Starcic, Jernej"]
[Black "Starcic, Martin"]
[Result "0-1"]
[WhiteElo "1504"]
[BlackElo "1490"]
[PlyCount "68"]
[EventDate "2023.09.03"]

1. d4 Nf6 2. c4 g6 3. Nc3 d5 4. cxd5 Nxd5 5. e4 Nxc3 6. bxc3 Bg7 7. Bc4 c5 8.
Be3 Nc6 9. Ne2 O-O 10. O-O a6 11. f3 b5 12. Bb3 c4 13. Bc2 Bb7 14. Qd2 Qc7 15.
Bh6 Rad8 16. Bxg7 Kxg7 17. Ng3 Qa5 18. d5 Na7 19. Qe3 Nc8 20. Rfd1 Rd7 21. a4
Rd6 22. axb5 Qxb5 23. Ba4 Qa5 24. Bc6 Qc7 25. Bxb7 Qxb7 26. Qd4+ f6 27. Qxc4
Rdd8 28. Rdb1 Qa8 29. Rb2 e6 30. h3 exd5 31. exd5 Ne7 32. Ne4 Rc8 33. Qb4 Rfd8
34. Nc5 Qa7 0-1

[Event "XXXVII. ODPRTO PRVENSTVO KOMENDE 2023"]
[Site "Komenda"]
[Date "2023.09.03"]
[Round "5.4"]
[White "Gorse Pihler, Miha"]
[Black "Gorse, David"]
[Result "1-0"]
[WhiteElo "1000"]
[BlackElo "1508"]
[PlyCount "35"]
[EventDate "2023.09.03"]

1. c4 Nf6 2. g3 g6 3. Bg2 d5 4. cxd5 Nxd5 5. Nc3 Be6 6. Nf3 Bg7 7. O-O O-O 8.
Ng5 Nxc3 9. Nxe6 fxe6 10. bxc3 c6 11. Qb3 Qc8 12. Ba3 Rf7 13. Bh3 Kf8 14. Bxe6
Qe8 15. Bxf7 Qxf7 16. Qxb7 Be5 17. Qxa8 Qd5 18. Rab1 1-0

[Event "XXXVII. ODPRTO PRVENSTVO KOMENDE 2023"]
[Site "Komenda"]
[Date "2023.09.03"]
[Round "5.5"]
[White "Groselj, Mirjam"]
[Black "Perme, Lojze"]
[Result "1-0"]
[WhiteElo "1000"]
[BlackElo "1094"]
[PlyCount "59"]
[EventDate "2023.09.03"]

1. e4 e5 2. Nf3 Nc6 3. Bc4 Bc5 4. O-O Nf6 5. d3 h6 6. Nc3 O-O 7. Be3 Bb6 8. d4
exd4 9. Nxd4 Bxd4 10. Bxd4 Nxe4 11. Nxe4 d5 12. Re1 dxc4 13. c3 Bf5 14. Qd2 Qd5
15. Ng3 Bg6 16. Rad1 Rad8 17. Qf4 Rd7 18. Bxg7 Qg5 19. Qxg5 hxg5 20. Rxd7 Kxg7
21. Rxc7 Na5 22. Nf1 Ra8 23. Nd2 b5 24. Nf3 Kh6 25. Rce7 a6 26. Re8 Ra7 27.
Rh8+ Bh7 28. Rd1 Nb7 29. Rd5 f6 30. Rd7 1-0